[Event "Khanty-Mansiysk Governor Cup Rapid 20th"]
[Site "Khanty-Mansiysk"]
[Date "2024.11.24"]
[Round "5"]
[White "Sabirov, Timur"]
[Black "Yuzhakov, Oleg"]
[Result "0-1"]
[WhiteElo "2092"]
[BlackElo "2321"]
[PlyCount "130"]
[EventDate "2024.11.23"]
[EventType "swiss (rapid)"]
[EventRounds "11"]
[EventCountry "RUS"]
[SourceTitle "CB48_2024"]
[SourceDate "2024.11.28"]
[SourceVersion "1"]
[SourceVersionDate "2024.11.28"]
[SourceQuality "1"]

1. e4 e6 2. d4 d5 3. Nc3 dxe4 4. Nxe4 Nd7 5. Nf3 Ngf6 6. Bg5 Be7 7. Nxf6+ Nxf6 8. Bd3 c5 9. c3 cxd4 10. Nxd4 Qd5 11. Nf3 Bd7 12. Qe2 Bc6 13. 0-0 h6 14. c4 Qc5 15. Be3 Qh5 16. Nd4 Qxe2 17. Bxe2 Bd7 18. Bf3 0-0-0 19. Bf4 g5 20. Be5 g4 21. Be2 Rhg8 22. Nb5 Bxb5 23. cxb5 Nd5 24. Rac1+ Kd7 25. Rc4 Rg5 26. Bg3 h5 27. Rd1 Rc8 28. Ra4 Bc5 29. Bf4 Rf5 30. Be3 Bb6 31. Bxb6 axb6 32. f3 Re5 33. Re4 Kd6 34. Rxe5 Kxe5 35. fxg4 Rc2 36. Bd3 Rxb2 37. gxh5 Nf4 38. g3 Nxd3 39. Rxd3 Rxb5 40. Rd7 Kf6 41. Rxb7 Rb1+ 42. Kg2 Rb2+ 43. Kh3 Rxa2 44. Rxb6 Kg5 45. g4 Ra3+ 46. Kg2 Kxg4 47. h6 Ra2+ 48. Kg1 Ra5 49. Rb4+ Kg5 50. h7 Ra8 51. Kg2 Rh8 52. Kg3 Rxh7 53. h4+ Kf5 54. Rb7 e5 55. Kf3 Ke6 56. Rb6+ Kd5 57. Rf6 e4+ 58. Kg4 Ke5 59. Rf5+ Kd4 60. h5 Rg7+ 61. Rg5 Rxg5+ 62. Kxg5 e3 63. h6 e2 64. h7 e1Q 65. h8Q+ Qe5+ 0-1

[Event "Khanty-Mansiysk Governor Cup Rapid 20th"]
[Site "Khanty-Mansiysk"]
[Date "2024.11.23"]
[Round "3"]
[White "Trofimova, Mariya D"]
[Black "Yuzhakov, Oleg"]
[Result "1/2-1/2"]
[WhiteElo "1732"]
[BlackElo "2321"]
[PlyCount "48"]
[EventDate "2024.11.23"]
[EventType "swiss (rapid)"]
[EventRounds "11"]
[EventCountry "RUS"]
[SourceTitle "CB48_2024"]
[SourceDate "2024.11.28"]
[SourceVersion "1"]
[SourceVersionDate "2024.11.28"]
[SourceQuality "1"]

1. e4 e6 2. d4 d5 3. e5 c5 4. c3 Qb6 5. Nf3 Bd7 6. Be2 f6 7. 0-0 Nc6 8. dxc5 Bxc5 9. b4 Be7 10. Bf4 fxe5 11. Nxe5 Nxe5 12. Bxe5 Nf6 13. Nd2 0-0 14. Nf3 Ng4 15. Bg3 Rac8 16. Rc1 Bd6 17. c4 Bxb4 18. h3 Nf6 19. Rb1 Qc5 20. Ne5 Be8 21. Nd3 Qxc4 22. Rxb4 Qa6 23. a4 Ne4 24. Be5 Nc3 1/2-1/2

[Event "World Corporate East B"]
[Site "Chess.com INT"]
[Date "2021.02.20"]
[Round "4.5"]
[White "Siwiec, Arkadiusz"]
[Black "Yuzhakov, Oleg"]
[Result "0-1"]
[WhiteElo "2206"]
[BlackElo "2321"]
[PlyCount "92"]
[EventDate "2021.02.19"]
[EventType "team (rapid)"]
[EventRounds "7"]
[EventCountry "USA"]
[SourceTitle "EXT 2022"]
[Source "ChessBase"]
[SourceDate "2021.10.06"]
[SourceVersion "1"]
[SourceVersionDate "2021.10.06"]
[SourceQuality "1"]
[WhiteTeam "Samsung Electronics"]
[BlackTeam "Sovcombank"]
[WhiteTeamCountry "POL"]
[BlackTeamCountry "RUS"]

1. e4 e6 2. d4 d5 3. e5 c5 4. c3 Qb6 5. Nf3 Nc6 6. a3 f6 7. exf6 Nxf6 8. Bd3 Bd6 9. 0-0 0-0 10. Re1 Bd7 11. b4 c4 12. Bc2 Rae8 13. Be3 Qc7 14. Nbd2 b5 15. a4 bxa4 16. Bxa4 Ng4 17. h3 Nxe3 18. Rxe3 Bf4 19. Re2 Re7 20. Bxc6 Bxc6 21. Ne5 Be8 22. Re1 Qb6 23. g3 Bg5 24. f4 Bf6 25. Kg2 g5 26. fxg5 Bxg5 27. Ndf3 Bh6 28. Rf1 Bg7 29. Qd2 Qc7 30. Qg5 Rf5 31. Qe3 Rf6 32. g4 Bg6 33. Nxg6 Rxg6 34. Nh4 Rf6 35. Nf3 Rg6 36. Ra6 e5 37. Rxg6 hxg6 38. dxe5 Bxe5 39. Qg5 Kg7 40. Nh4 Re6 41. Re1 Bf4 42. Nf5+ Kf7 43. Nh6+ Kf8 44. Rf1 Re2+ 45. Kf3 Bxg5 46. Kxe2+ Kg7 0-1

[Event "Cheliabinsk Kurnosov Memorial rapid"]
[Site "Cheliabinsk"]
[Date "2016.05.26"]
[Round "3"]
[White "Movsesian, Sergei"]
[Black "Yuzhakov, Oleg"]
[Result "1-0"]
[WhiteElo "2660"]
[BlackElo "2340"]
[PlyCount "51"]
[EventDate "2016.05.26"]
[EventType "swiss (rapid)"]
[EventRounds "11"]
[EventCountry "RUS"]
[SourceTitle "CBM 172 Extra"]
[Source "ChessBase"]
[SourceDate "2016.06.21"]
[SourceVersion "1"]
[SourceVersionDate "2016.06.21"]
[SourceQuality "1"]

1. Nf3 d5 2. g3 Nf6 3. Bg2 c5 4. 0-0 Nc6 5. d3 g6 6. Nbd2 Bg7 7. e4 e6 8. exd5 Nxd5 9. Ne4 Qe7 10. Re1 0-0 11. c4 Nb6 12. Bg5 f6 13. Be3 Nd7 14. d4 cxd4 15. Nxd4 Nce5 16. Qe2 Nb6 17. Nb5 Ned7 18. Rad1 Rd8 19. Nc7 Rb8 20. c5 Na8 21. Nb5 a6 22. Nbd6 Nf8 23. Qc4 Qc7 24. Bd4 f5 25. Nf6+ Kh8 26. Nfe8 1-0

[Event "Urals-ch 72nd"]
[Site "Tiumen"]
[Date "2014.03.28"]
[Round "9"]
[White "Yuzhakov, Oleg"]
[Black "Looshnikov, Nikolai"]
[Result "1/2-1/2"]
[WhiteElo "2354"]
[BlackElo "2469"]
[PlyCount "190"]
[EventDate "2014.03.20"]
[EventType "swiss"]
[EventRounds "9"]
[EventCountry "RUS"]
[SourceTitle "CBM 159 Extra"]
[Source "ChessBase"]
[SourceDate "2014.04.24"]
[SourceVersion "1"]
[SourceVersionDate "2014.04.24"]
[SourceQuality "1"]

1. e4 e6 2. d4 d5 3. e5 c5 4. c3 Qb6 5. Nf3 Bd7 6. Be2 cxd4 7. cxd4 Bb5 8. Nc3 Bxe2 9. Qxe2 Ne7 10. 0-0 Nec6 11. Be3 Be7 12. a3 0-0 13. b4 Nd7 14. Na4 Qd8 15. Nd2 Rc8 16. f4 f5 17. Rfc1 b6 18. Rc3 Ndb8 19. Rac1 Qd7 20. Nb3 Bd8 21. b5 Ne7 22. Nb2 Rxc3 23. Rxc3 Bc7 24. Qc2 Rc8 25. a4 Bd8 26. Rxc8 Qxc8 27. Qxc8 Nxc8 28. Nd3 a6 29. bxa6 Nxa6 30. Bd2 Na7 31. Kf2 Nc6 32. Ke3 Kf7 33. Be1 h6 34. h3 g5 35. Kf3 Kg6 36. Bd2 Be7 37. g3 Kh5 38. fxg5 hxg5 39. h4 Nab4 40. Nxb4 Nxb4 41. hxg5 Nc2 42. a5 bxa5 43. Bxa5 Bxg5 44. Bc3 Kg6 45. g4 fxg4+ 46. Kxg4 Ne3+ 47. Kf3 Nc4 48. Ke2 Kf5 49. Kd3 Be7 50. Nd2 Na3 51. Bb2 Nb5 52. Nb3 Bb4 53. Bc1 Na7 54. Bh6 Nc6 55. Bc1 Be1 56. Ba3 Bf2 57. Bc5 Bg1 58. Ba3 Nd8 59. Be7 Nf7 60. Bh4 Nh6 61. Be1 Ng4 62. Bg3 Be3 63. Be1 Bg5 64. Bg3 Nh6 65. Be1 Nf7 66. Bg3 Nh8 67. Be1 Ng6 68. Bg3 Be7 69. Nc1 Kg4 70. Ne2 Bb4 71. Bf2 Kf3 72. Be3 Be1 73. Bg5 Bf2 74. Bc1 Bg3 75. Bb2 Bh2 76. Bc3 Nf8 77. Nc1 Ng6 78. Ne2 Nh4 79. Bd2 Ng2 80. Bb4 Bg3 81. Ng1+ Kg4 82. Ne2 Be1 83. Bxe1 Nxe1+ 84. Kd2 Ng2 85. Nc3 Kf3 86. Kd3 Nf4+ 87. Kd2 Nh5 88. Kd3 Nf4+ 89. Kd2 Nh3 90. Na4 Ke4 91. Nc5+ Kxd4 92. Nxe6+ Kxe5 93. Nc7 d4 94. Nb5 Nf4 95. Nxd4 Kxd4 1/2-1/2

[Event "Dvorkovich Memorial op"]
[Site "Taganrog"]
[Date "2014.01.22"]
[Round "5"]
[White "Yuzhakov, Oleg"]
[Black "Nechaeva, Marina"]
[Result "0-1"]
[WhiteElo "2345"]
[BlackElo "2388"]
[PlyCount "70"]
[EventDate "2014.01.18"]
[EventType "swiss"]
[EventRounds "9"]
[EventCountry "RUS"]
[SourceTitle "CBM 158 Extra"]
[Source "ChessBase"]
[SourceDate "2014.02.28"]
[SourceVersion "1"]
[SourceVersionDate "2014.02.28"]
[SourceQuality "1"]

1. e4 c6 2. Nc3 d5 3. Nf3 Bg4 4. h3 Bxf3 5. Qxf3 e6 6. d4 dxe4 7. Qxe4 Nf6 8. Qd3 Na6 9. a3 Qa5 10. Rb1 Nc7 11. Be2 Ncd5 12. b4 Qc7 13. g3 Bd6 14. Nd1 b5 15. 0-0 a5 16. c3 0-0 17. f4 Rfd8 18. Nf2 g6 19. Ng4 Nxg4 20. hxg4 Bf8 21. Bb2 Bg7 22. Rbc1 Nb6 23. Qe4 Qd6 24. g5 Qd5 25. Qxd5 exd5 26. Kf2 axb4 27. cxb4 Nc4 28. Bxc4 dxc4 29. Ke3 Rd5 30. Rf3 Re8+ 31. Kf2 Re4 32. Re3 Bxd4 33. Bxd4 Rdxd4 34. Ke2 Kf8 35. Rcc3 Ke7 0-1

[Event "Khanty-Mansiysk Governor Cup-B 9th"]
[Site "Khanty-Mansiysk"]
[Date "2013.11.30"]
[Round "3"]
[White "Purtov, Konstantin"]
[Black "Yuzhakov, Oleg"]
[Result "1-0"]
[WhiteElo "2191"]
[BlackElo "2332"]
[PlyCount "81"]
[EventDate "2013.11.28"]
[EventType "swiss"]
[EventRounds "9"]
[EventCountry "RUS"]
[SourceTitle "CBM 157 Extra"]
[Source "ChessBase"]
[SourceDate "2013.12.19"]
[SourceVersion "1"]
[SourceVersionDate "2013.12.19"]
[SourceQuality "1"]

1. e4 e6 2. d4 d5 3. e5 c5 4. c3 Qb6 5. Nf3 Nc6 6. a3 Nh6 7. b4 cxd4 8. cxd4 Nf5 9. Be3 f6 10. exf6 gxf6 11. Bd3 Nxe3 12. fxe3 Bh6 13. Qe2 Bd7 14. Nc3 Ne7 15. 0-0 Rc8 16. Nd1 Ng6 17. Nh4 Nxh4 18. Qh5+ Ke7 19. Qxh6 Nf5 20. Bxf5 exf5 21. Nc3 Qe6 22. Qg7+ Kd6 23. Qg3+ Ke7 24. Rac1 Rhg8 25. Qf3 Kd6 26. Qf4+ Ke7 27. Qf3 Kd6 28. b5 Rc4 29. Rf2 Rgc8 30. Rfc2 Qg8 31. Qe2 Qe8 32. a4 f4 33. e4 Rxd4 34. Qf2 Rdc4 35. Qxa7 Ke6 36. Qb6+ Kf7 37. Nxd5 Rxe4 38. Qxf6+ Kg8 39. Rxc8 Bxc8 40. Qc3 Kf7 41. Nf6 1-0

[Event "Khanty-Mansiysk Governor Cup-B 9th"]
[Site "Khanty-Mansiysk"]
[Date "2013.11.28"]
[Round "1"]
[White "Scherbakov, Mikhail"]
[Black "Yuzhakov, Oleg"]
[Result "0-1"]
[WhiteElo "1785"]
[BlackElo "2332"]
[PlyCount "70"]
[EventDate "2013.11.28"]
[EventType "swiss"]
[EventRounds "9"]
[EventCountry "RUS"]
[SourceTitle "CBM 157 Extra"]
[Source "ChessBase"]
[SourceDate "2013.12.19"]
[SourceVersion "1"]
[SourceVersionDate "2013.12.19"]
[SourceQuality "1"]

1. e4 e6 2. d4 d5 3. Nd2 Nf6 4. e5 Nfd7 5. Bd3 c5 6. c3 Nc6 7. Ne2 cxd4 8. cxd4 f6 9. exf6 Nxf6 10. Nf3 Bd6 11. 0-0 0-0 12. Bg5 Qc7 13. Rc1 Ne4 14. Qc2 Rxf3 15. Bxe4 Bxh2+ 16. Kh1 dxe4 17. gxf3 exf3 18. Ng1 Bf4 19. Nxf3 Bxc1 20. Rxc1 Qf7 21. Qe4 Bd7 22. Kg2 Rf8 23. Rh1 Qf5 24. Qxf5 Rxf5 25. Be3 h6 26. Kg3 Be8 27. Nd2 Nb4 28. a3 Bc6 29. Rc1 Nd3 30. Rxc6 bxc6 31. Nc4 h5 32. b4 g5 33. Nd6 h4+ 34. Kg2 Nf4+ 35. Kh2 Rf8 0-1

[Event "Mendeleev Memorial 4th"]
[Site "Tiumen"]
[Date "2013.11.11"]
[Round "8"]
[White "Yuzhakov, Oleg"]
[Black "Kopylov, Alexander"]
[Result "1/2-1/2"]
[WhiteElo "2332"]
[BlackElo "2388"]
[PlyCount "80"]
[EventDate "2013.11.03"]
[EventType "tourn"]
[EventRounds "9"]
[EventCountry "RUS"]
[SourceTitle "EXT 2015"]
[Source "ChessBase"]
[SourceDate "2014.11.20"]
[SourceVersion "1"]
[SourceVersionDate "2014.11.20"]
[SourceQuality "1"]

1. e4 e5 2. Nf3 Nc6 3. Bb5 a6 4. Bxc6 dxc6 5. 0-0 f6 6. d4 exd4 7. Qxd4 Qxd4 8. Nxd4 c5 9. Nb3 b6 10. Bf4 Bd6 11. Bxd6 cxd6 12. Rd1 Kd7 13. N1d2 Kc7 14. Nc4 Nh6 15. Nxd6 Be6 16. f4 Rad8 17. e5 fxe5 18. fxe5 Ng4 19. Re1 Nxe5 20. Ne4 Rhe8 21. Nexc5 Bc8 22. Nd3 Nxd3 23. Rxe8 Rxe8 24. cxd3 Re2 25. Rc1+ Kb8 26. Nd4 Rxb2 27. Nc6+ Kb7 28. Nd8+ Kb8 29. Nc6+ Ka8 30. d4 Bf5 31. Re1 Kb7 32. Nd8+ Kc7 33. Ne6+ Bxe6 34. Rxe6 Kd7 35. d5 Rxa2 36. Rxb6 Kc7 37. Re6 Kd7 38. Rb6 Kc7 39. Re6 Kd7 40. Rb6 Kc7 1/2-1/2

[Event "Khanty-Mansiysk Governor Cup-A 8th"]
[Site "Khanty-Mansiysk"]
[Date "2012.11.23"]
[Round "9"]
[White "Belyakov, Bogdan"]
[Black "Yuzhakov, Oleg"]
[Result "1/2-1/2"]
[WhiteElo "2388"]
[BlackElo "2353"]
[PlyCount "200"]
[EventDate "2012.11.15"]
[EventType "swiss"]
[EventRounds "9"]
[EventCountry "RUS"]
[SourceTitle "CBM 151 Extra"]
[Source "ChessBase"]
[SourceDate "2012.12.18"]
[SourceVersion "1"]
[SourceVersionDate "2012.12.18"]
[SourceQuality "1"]

1. e4 e6 2. d4 d5 3. Nc3 Nf6 4. Bg5 Be7 5. e5 Nfd7 6. h4 0-0 7. Bd3 c5 8. Qh5 g6 9. Qh6 cxd4 10. Nf3 Nxe5 11. Nxe5 dxc3 12. Nxg6 fxg6 13. Bxg6 hxg6 14. Qxg6+ Kh8 15. Qh6+ Kg8 16. Qg6+ Kh8 17. Rh3 cxb2 18. Qh6+ Kg8 19. Qg6+ Kh8 20. Rb1 Bb4+ 21. c3 Qc7 22. cxb4 Qg7 23. Qh5+ Qh7 24. Bf6+ Rxf6 25. Qe8+ Qg8 26. Qh5+ Qh7 27. Qe8+ Kg7 28. Qe7+ Kg8 29. Qe8+ Rf8 30. Rg3+ Qg7 31. Rxg7+ Kxg7 32. Qe7+ Rf7 33. Qg5+ Kh7 34. Rxb2 Nc6 35. Qh5+ Kg8 36. Rb3 Bd7 37. b5 Ne7 38. Rg3+ Rg7 39. Rxg7+ Kxg7 40. Qe5+ Kf7 41. h5 Rg8 42. h6 Rxg2 43. h7 Ng6 44. h8Q Nxh8 45. Qxh8 Bxb5 46. Qb8 Ba6 47. Qxa7 Rg1+ 48. Kd2 Ra1 49. Ke3 Rxa2 50. Kf4 Re2 51. Qc5 Re4+ 52. Kg5 Rc4 53. Qd6 Bb5 54. Qd8 Be8 55. Qf6+ Kg8 56. Qxe6+ Bf7 57. Qb6 Rc6 58. Qxb7 Rg6+ 59. Kf5 Rh6 60. Qc8+ Kh7 61. Qc7 Kg8 62. f4 Rh5+ 63. Kg4 Bg6 64. Qe7 Rf5 65. Kf3 Bh7 66. Qd8+ Kg7 67. Ke3 Bg6 68. Qc7+ Kg8 69. Kd4 Bh7 70. Qd8+ Kg7 71. Kc5 Bg6 72. Qe7+ Kg8 73. Qc7 Kh8 74. Qe7 Kg8 75. Qe3 Kg7 76. Kd6 Kg8 77. Ke6 Kh7 78. Qh3+ Rh5 79. Qc3 Be4 80. Qc7+ Kh6 81. Qd8 Rf5 82. Qh8+ Kg6 83. Qg8+ Kh5 84. Qg3 Kh6 85. Qg4 Kh7 86. Kd6 Kh6 87. Ke7 Kh7 88. Ke6 Kh6 89. Qxf5 Bxf5+ 90. Kxf5 d4 91. Ke4 Kg6 92. Kxd4 Kf5 93. Ke3 Kf6 94. Ke4 Ke6 95. f5+ Kf6 96. Kf4 Kf7 97. Ke5 Ke7 98. f6+ Kf7 99. Kf5 Kf8 100. Kg6 Kg8 1/2-1/2

[Event "Mendeleev Memorial 3rd"]
[Site "Tiumen"]
[Date "2012.11.10"]
[Round "6"]
[White "Yuzhakov, Oleg"]
[Black "Musakaev, Emil"]
[Result "0-1"]
[WhiteElo "2353"]
[BlackElo "2349"]
[PlyCount "74"]
[EventDate "2012.11.05"]
[EventType "tourn"]
[EventRounds "9"]
[EventCountry "RUS"]
[EventCategory "8"]
[SourceTitle "EXT 2013"]
[Source "ChessBase"]
[SourceDate "2012.11.22"]
[SourceVersion "1"]
[SourceVersionDate "2012.11.22"]
[SourceQuality "1"]

1. e4 e5 2. Nf3 Nc6 3. Bb5 a6 4. Bxc6 dxc6 5. 0-0 f6 6. d4 exd4 7. Nxd4 c5 8. Ne2 Qxd1 9. Rxd1 Bd7 10. Be3 0-0-0 11. Nbc3 Re8 12. Rd2 Bc6 13. Rad1 b6 14. a4 Ne7 15. Nf4 Ng6 16. Nfd5 Kb7 17. Rb1 Bd6 18. f3 Rhf8 19. g4 Ne5 20. Rg2 Bd7 21. b4 cxb4 22. Nxb4 Nc4 23. Ncd5 Nxe3 24. Nxe3 Bc5 25. Re2 f5 26. gxf5 Bxf5 27. Kg2 Be6 28. Nbd5 a5 29. Rd2 c6 30. Nc4 cxd5 31. exd5 Bd7 32. Nxa5+ Kc7 33. Nb3 Be3 34. Rd3 Bxa4 35. d6+ Kd7 36. Ra1 b5 37. Na5 Bb6 0-1

[Event "Nezhmetdinov Memorial 34th"]
[Site "Kazan"]
[Date "2012.10.04"]
[Round "9.9"]
[White "Yuzhakov, Oleg"]
[Black "Chigaev, Maksim"]
[Result "1/2-1/2"]
[WhiteElo "2325"]
[BlackElo "2456"]
[PlyCount "80"]
[EventDate "2012.09.25"]
[EventType "swiss"]
[EventRounds "9"]
[EventCountry "RUS"]
[SourceTitle "EXT 2022"]
[Source "ChessBase"]
[SourceDate "2021.10.06"]
[SourceVersion "1"]
[SourceVersionDate "2021.10.06"]
[SourceQuality "1"]

1. e4 c5 2. c3 e6 3. d4 d5 4. exd5 exd5 5. Nf3 Nc6 6. Bb5 Bd6 7. Be3 cxd4 8. Bxd4 Nge7 9. Bxg7 Rg8 10. Be5 Bxe5 11. Nxe5 Qd6 12. Qh5 Be6 13. Nd2 0-0-0 14. Nxc6 bxc6 15. Ba6+ Kb8 16. Qf3 c5 17. Bf1 d4 18. cxd4 cxd4 19. Bc4 Bxc4 20. Nxc4 Qe6+ 21. Qe2 Rxg2 22. Qxe6 fxe6 23. Kf1 Rg6 24. Rg1 Rxg1+ 25. Kxg1 Ng6 26. Re1 d3 27. f3 Kc7 28. Kf2 Rd5 29. Ke3 Rh5 30. Rh1 Rh3 31. Ke4 Nh4 32. Nd2 Kd6 33. a3 Nf5 34. Kxd3 Kd5 35. Re1 e5 36. Re2 Nd4 37. Rf2 Nxf3 38. Nxf3 e4+ 39. Ke3 exf3 40. Rxf3 Rxh2 1/2-1/2

[Event "Nezhmetdinov Memorial 34th"]
[Site "Kazan"]
[Date "2012.09.30"]
[Round "5.10"]
[White "Yuzhakov, Oleg"]
[Black "Tunik, Gennady"]
[Result "1/2-1/2"]
[WhiteElo "2325"]
[BlackElo "2456"]
[PlyCount "93"]
[EventDate "2012.09.25"]
[EventType "swiss"]
[EventRounds "9"]
[EventCountry "RUS"]
[SourceTitle "EXT 2022"]
[Source "ChessBase"]
[SourceDate "2021.10.06"]
[SourceVersion "1"]
[SourceVersionDate "2021.10.06"]
[SourceQuality "1"]

1. e4 c5 2. c3 Nf6 3. e5 Nd5 4. d4 cxd4 5. Nf3 Nc6 6. cxd4 d6 7. Bc4 dxe5 8. Nxe5 e6 9. 0-0 Be7 10. Nxc6 bxc6 11. Nc3 0-0 12. Qd3 a5 13. Rd1 Qb6 14. Ne4 Ba6 15. b3 a4 16. Qg3 Qb8 17. Qh3 Bb5 18. Nc5 Bxc5 19. dxc5 Qe5 20. Rb1 Bxc4 21. bxc4 Qe2 22. Bh6 Ne7 23. Bf4 Qxc4 24. Bd6 Rfe8 25. Qf3 Nf5 26. Qxc6 Qxa2 27. Ra1 Qc4 28. Rdc1 Qa6 29. Qxa6 Rxa6 30. g4 Nxd6 31. cxd6 Rxd6 32. Rxa4 h6 33. Rc7 Rf8 34. h4 g6 35. Kg2 Rd5 36. Kg3 h5 37. g5 Rb8 38. Rf4 Rf5 39. Rxf5 gxf5 40. g6 Kg7 41. gxf7 Rf8 42. f4 Rxf7 43. Rc8 Rf8 44. Rc7+ Kg6 45. Re7 Rg8 46. Kf3 Kf6 47. Rh7 1/2-1/2

[Event "Nezhmetdinov Memorial 34th"]
[Site "Kazan"]
[Date "2012.09.27"]
[Round "2.20"]
[White "Zlachevskiy, Leonid"]
[Black "Yuzhakov, Oleg"]
[Result "0-1"]
[WhiteElo "2124"]
[BlackElo "2325"]
[PlyCount "110"]
[EventDate "2012.09.25"]
[EventType "swiss"]
[EventRounds "9"]
[EventCountry "RUS"]
[SourceTitle "EXT 2022"]
[Source "ChessBase"]
[SourceDate "2021.10.06"]
[SourceVersion "1"]
[SourceVersionDate "2021.10.06"]
[SourceQuality "1"]

1. e4 d5 2. exd5 Qxd5 3. Nc3 Qd6 4. d4 Nf6 5. g3 Bg4 6. f3 Bf5 7. Bf4 Qb6 8. Bb5+ c6 9. Bd3 Qxb2 10. Nge2 Bxd3 11. cxd3 Qb6 12. Rb1 Qa6 13. Qb3 b6 14. d5 Nfd7 15. d4 Qb7 16. 0-0 h6 17. Rfc1 cxd5 18. Nxd5 Na6 19. Qb5 e6 20. Nc7+ Nxc7 21. Rxc7 Qd5 22. Qa4 Rd8 23. Kf2 Qa5 24. Qxa5 bxa5 25. Rxa7 e5 26. Be3 Bb4 27. Rb3 exd4 28. Bxd4 0-0 29. a3 Bd2 30. Rd3 Bg5 31. h4 Be7 32. Be3 Ne5 33. Rxd8 Bxd8 34. Nf4 Re8 35. Nd5 Nc4 36. Bc5 Nb2 37. Kg2 Nd3 38. Ne7+ Kf8 39. Ng6+ Kg8 40. Ne7+ Kh7 41. Bd6 Ne1+ 42. Kh3 Nxf3 43. Nc6 Bb6 44. Rxf7 Ng1+ 45. Kg2 Re2+ 46. Kf1 Re6 47. Be5 Kg8 48. Rxg7+ Kf8 49. Rh7 Rxc6 50. Bg7+ Kg8 51. Rxh6 Rc1+ 52. Kg2 Rc2+ 53. Kf1 Bc5 54. Rg6 Kh7 55. h5 Nf3 0-1

[Event "RUS-ch Higher League 65th"]
[Site "Tiumen"]
[Date "2012.06.25"]
[Round "9"]
[White "Ganzhurov, Roman"]
[Black "Yuzhakov, Oleg"]
[Result "1/2-1/2"]
[WhiteElo "2327"]
[BlackElo "2286"]
[PlyCount "80"]
[EventDate "2012.06.16"]
[EventType "swiss"]
[EventRounds "11"]
[EventCountry "RUS"]
[SourceTitle "CBM 149"]
[Source "ChessBase"]
[SourceDate "2012.07.17"]
[SourceVersion "1"]
[SourceVersionDate "2012.07.17"]
[SourceQuality "1"]

1. e4 e6 2. d4 d5 3. Nc3 Nf6 4. Bg5 Be7 5. e5 Nfd7 6. Bxe7 Qxe7 7. f4 0-0 8. Nf3 c5 9. Qd2 Nc6 10. dxc5 Nxc5 11. 0-0-0 a6 12. Bd3 b5 13. Kb1 b4 14. Ne2 a5 15. Ned4 Nxd4 16. Nxd4 Ba6 17. Rhe1 Rfc8 18. f5 Kh8 19. Qf4 Bxd3 20. cxd3 exf5 21. Nxf5 Qe6 22. Nd6 Rc7 23. Re3 f6 24. Rf1 Nd7 25. d4 h6 26. Qf5 Qxf5+ 27. Rxf5 fxe5 28. dxe5 Nc5 29. e6 Re7 30. Rxd5 Rxe6 31. Rxe6 Nxe6 32. Nc4 a4 33. Nb6 Ra6 34. Rb5 Nd4 35. Rxb4 Nc6 36. Rb5 Na7 37. Rb4 Nc6 38. Rb5 Na7 39. Rb4 Nc6 40. Rb5 Na7 1/2-1/2